000 00734nam a2200253Ia 4500
003 OSt
005 20221006161005.0
006 a|||||r|||| 00| 0
007 ta
008 221006b |||||||| |||| 00| 0 eng d
020 _a9780415446884
024 _a47,051
037 _cTextual
040 _aEASL
_cEASL
_beng
041 _2eng
_aeng
082 _aV41Oj42:195, P9
100 _aSUZUKI Shogo
_9673203
245 0 _aCivilization and empire
_b China and Japan's encounter with European international society
260 _aNew York
_bRoutledge & Taylor Francis Group
_c2009
300 _a256p.
_ccm.
490 _v CEL
942 _hV41Oj42:195, P9
_cTEXL
_2CC
999 _c1115140
_d1115140